000 00546nam a2200193Ia 4500
005 20250923145600.0
008 008 250917s9999 xx 000 0 eng d
037 _aTextual
040 _aDSWL
_beng
_cDSWL
041 _aeng
_2eng
084 _aL185:456:5, N79
_qDSWL
245 0 _aGuidelines for programmes for the prevention of blindness
_c by W.H.O.
260 _aGeneva
_bW.H.O.
_c1979
300 _a47p.
365 _aINR
_b10
925 _g10
942 _cTEXL
_hL185:456:5, N79
999 _c1453107
_d1453107